000 00623cam a22002173a 4500
001 39102
003 PGUSA
005 20140828083851.0
008 120310s2012||||xxu|||||s|||||000 | eng d
040 _aPGUSA
_beng
042 _adc
100 1 _aBraden, James A.
_q(James Andrew),
_d1872-1955
245 1 4 _aThe Auto Boys' Quest
_h[electronic resource] /
_cJames A. Braden
260 _bProject Gutenberg,
_c2012
506 _aPublic domain in the USA.
516 _aElectronic text
700 1 _aDeBebian, Arthur
830 0 _aProject Gutenberg
_v39102
856 4 0 _uhttp://www.gutenberg.org/ebooks/39102
942 _cEB
999 _c268355
_d268355